Statistics for Countries Formula 1 have visited

Click here to take the quiz!

General Stats

  • This quiz has been taken 20 times
  • The average score is 29 of 35

Answer Stats

ContinentCountry% Correct
AsiaChina
100%
EuropeRussia
100%
South AmericaArgentina
93%
OceaniaAustralia
93%
South AmericaBrazil
93%
North AmericaCanada
93%
EuropeFrance
93%
EuropeGermany
93%
AsiaIndia
93%
EuropeItaly
93%
AsiaJapan
93%
North AmericaMexico
93%
EuropeNetherlands
93%
EuropeSpain
93%
EuropeUnited Kingdom
93%
North AmericaUnited States
93%
EuropeAustria
87%
EuropeBelgium
87%
EuropePortugal
87%
AsiaSaudi Arabia
87%
AfricaSouth Africa
87%
AsiaSouth Korea
87%
EuropeSweden
87%
EuropeSwitzerland
87%
EuropeHungary
80%
AsiaMalaysia
80%
AsiaQatar
80%
AsiaSingapore
80%
EuropeTurkey
80%
EuropeMonaco
67%
AfricaMorocco
67%
AsiaBahrain
60%
AsiaAzerbaijan
53%
AsiaUnited Arab Emirates
13%
EuropeWest Germany
0%

Score Distribution

Percentile by Number Answered

Percent of People with Each Score

Your Score History

You have not taken this quiz